[Event "Toronto Closed B reserves"]
[Site "Toronto CAN"]
[Date "2004.02.02"]
[Round "3"]
[White "Lucki, Arnie"]
[Black "Haziprodromu, Sam"]
[Result "1-0"]
[WhiteElo "1814"]
[BlackElo "1970"]
[PlyCount "63"]
[GameId "2160767911200514"]
[EventDate "2004.01.18"]
[EventType "tourn"]
[EventRounds "9"]
[EventCountry "CAN"]

1. d4 Nf6 2. c4 e6 3. Nf3 b6 4. g3 Ba6 5. Qc2 Bb7 6. Bg2 Bb4+ 7. Bd2 Bxd2+ 8. Nbxd2 d6 9. O-O Nbd7 10. Rfd1 Qe7 11. Ne5 Bxg2 12. Nxd7 Qxd7 13. Kxg2 h5 14. e4 h4 15. Nf3 hxg3 16. hxg3 O-O-O 17. Rh1 Kb8 18. b4 g6 19. a4 Qc6 20. d5 exd5 21. Nd4 Qd7 22. cxd5 Rde8 23. Nc6+ Kb7 24. a5 Rxh1 25. Rxh1 Nxe4 26. axb6 Nf6 27. Qa4 a6 28. b5 Ra8 29. bxa6+ Rxa6 30. Nd8+ Kxb6 31. Rb1+ Ka7 32. Rb7+ 1-0

[Event "Toronto Closed B reserves"]
[Site "Toronto CAN"]
[Date "2004.02.10"]
[Round "3"]
[White "Chung, Kevin"]
[Black "Sviridovitch, Slava"]
[Result "1-0"]
[WhiteElo "1941"]
[BlackElo "1870"]
[PlyCount "94"]
[GameId "2160767911200515"]
[EventDate "2004.01.18"]
[EventType "tourn"]
[EventRounds "9"]
[EventCountry "CAN"]

1. e4 c5 2. Nf3 e6 3. c3 b6 4. d4 Bb7 5. e5 Qc7 6. Be3 Ne7 7. Bd3 Ng6 8. Na3 a6 9. Rc1 d6 10. exd6 Bxd6 11. Nc4 Nd7 12. Nxd6+ Qxd6 13. dxc5 bxc5 14. Bxg6 Qxd1+ 15. Rxd1 hxg6 16. Ke2 Rc8 17. Rd6 Rc6 18. Rxc6 Bxc6 19. b3 f6 20. h3 Kd8 21. Rd1 Kc7 22. c4 a5 23. Bd2 Ra8 24. Ke3 a4 25. b4 Bxf3 26. Kxf3 Ne5+ 27. Ke4 Nxc4 28. bxc5 f5+ 29. Kf3 Rd8 30. Bf4+ e5 31. Rxd8 Kxd8 32. Bg5+ Kd7 33. Ke2 Kc6 34. Be7 e4 35. f3 exf3+ 36. gxf3 Ne5 37. Ke3 Kd5 38. h4 Nc6 39. Bf8 Nb4 40. Bxg7 Kxc5 41. Kf4 Nxa2 42. Kg5 Kc4 43. Kxg6 a3 44. h5 Nc3 45. Bxc3 Kxc3 46. h6 a2 47. h7 a1=Q 1-0

[Event "Toronto Closed B reserves"]
[Site "Toronto CAN"]
[Date "2004.02.08"]
[Round "4"]
[White "Shojaie, Jamshied"]
[Black "Lucki, Arnie"]
[Result "0-1"]
[WhiteElo "1783"]
[BlackElo "1814"]
[PlyCount "106"]
[GameId "2160767911200516"]
[EventDate "2004.01.18"]
[EventType "tourn"]
[EventRounds "9"]
[EventCountry "CAN"]

1. e4 Nf6 2. Nc3 d5 3. e5 Ne4 4. Nxe4 dxe4 5. d4 exd3 6. Bxd3 Nc6 7. f4 g6 8. Be3 Bg7 9. Qe2 Nd4 10. Qf2 c5 11. O-O-O O-O 12. Bc4 Bg4 13. Rd2 Qc7 14. Bxd4 cxd4 15. Rxd4 Rad8 16. Ne2 Rxd4 17. Qxd4 Rd8 18. Qc3 Qc6 19. Rg1 Qe4 20. Bd3 Qe3+ 21. Qd2 Qc5 22. Rd1 Bh6 23. g3 b5 24. Kb1 b4 25. Qe1 a5 26. Ba6 Ra8 27. Bb7 Rb8 28. Bg2 Rc8 29. Rd2 a4 30. Nd4 a3 31. Nb3 Qc7 32. Be4 axb2 33. Kxb2 Be6 34. Qd1 Qc3+ 35. Kb1 Bxb3 36. axb3 e6 37. Rd8+ Rxd8 38. Qxd8+ Bf8 39. Qd3 Qe1+ 40. Kb2 Kg7 41. h4 Bc5 42. c3 bxc3+ 43. Qxc3 Ba3+ 44. Kc2 Qxe4+ 45. Qd3 Qxd3+ 46. Kxd3 Bc5 47. g4 Bf2 48. h5 gxh5 49. gxh5 Kh6 50. Ke2 Bb6 51. Kf3 Kxh5 52. b4 Kg6 53. b5 Kf5 0-1

[Event "Toronto Closed B reserves"]
[Site "Toronto CAN"]
[Date "2004.02.08"]
[Round "4"]
[White "Sviridovitch, Slava"]
[Black "Cohen, David"]
[Result "1-0"]
[WhiteElo "1870"]
[BlackElo "1884"]
[PlyCount "75"]
[GameId "2160767911200517"]
[EventDate "2004.01.18"]
[EventType "tourn"]
[EventRounds "9"]
[EventCountry "CAN"]

1. d4 g6 2. b3 Nf6 3. Bb2 Bg7 4. Nf3 O-O 5. e3 d6 6. Be2 Nbd7 7. O-O e5 8. dxe5 Ng4 9. c4 Ndxe5 10. Nc3 Nxf3+ 11. Bxf3 Qh4 12. Bxg4 Bxg4 13. Qd2 Rfe8 14. Nd5 Bxb2 15. Qxb2 Rec8 16. Qd4 c5 17. Qf4 h5 18. f3 Rf8 19. fxg4 Rad8 20. Qh6 f5 21. Qxg6+ Kh8 22. gxf5 Rd7 23. f6 Rg8 24. Qf5 Rf7 25. Rf4 Rg4 26. Rxg4 hxg4 27. Qg6 Qh7 28. Qxh7+ Kxh7 29. Rf1 Kg6 30. Rf4 Kg5 31. Kf2 Kh4 32. h3 Kg5 33. Rxg4+ Kf5 34. Rg7 Rf8 35. g4+ Ke4 36. Ke2 Re8 37. Re7+ Rxe7 38. fxe7 1-0

[Event "Toronto Closed B reserves"]
[Site "Toronto CAN"]
[Date "2004.02.26"]
[Round "4"]
[White "Veltmann, Martin"]
[Black "Chung, Kevin"]
[Result "1/2-1/2"]
[WhiteElo "2020"]
[BlackElo "1941"]
[PlyCount "98"]
[GameId "2160767911200518"]
[EventDate "2004.01.18"]
[EventType "tourn"]
[EventRounds "9"]
[EventCountry "CAN"]

1. c4 e6 2. Nc3 d5 3. d4 Nf6 4. Nf3 c5 5. cxd5 exd5 6. g3 Be6 7. Bg2 Be7 8. O-O O-O 9. dxc5 Bxc5 10. Bg5 Nc6 11. Rc1 Be7 12. Nd4 Qb6 13. Nxc6 bxc6 14. Na4 Qb7 15. b3 h6 16. Be3 Rfd8 17. Bc5 Re8 18. e3 Qa6 19. Qc2 Rac8 20. Rfd1 Bg4 21. Rd4 Bxc5 22. Nxc5 Qe2 23. Rd2 Qb5 24. Bf1 Qb8 25. Rd4 Qe5 26. Ra4 Re7 27. Bg2 Bf5 28. Qd2 Ne4 29. Nxe4 Bxe4 30. Bxe4 dxe4 31. Rcc4 f5 32. Qc2 Rec7 33. Rc5 Qf6 34. Ra6 g6 35. b4 Qd6 36. b5 Kh7 37. Kg2 h5 38. Rcxc6 Qd7 39. Rxc7 Rxc7 40. Rc6 Rb7 41. a4 h4 42. Qc4 Qg7 43. Qd4 Qh6 44. Rd6 h3+ 45. Kf1 Qh5 46. Rd7+ Rxd7 47. Qxd7+ Kh6 48. Qd8 Qf3 49. Qh4+ Kg7 1/2-1/2

[Event "Toronto Closed B reserves"]
[Site "Toronto CAN"]
[Date "2004.02.15"]
[Round "5"]
[White "Cohen, David"]
[Black "Haziprodromu, Sam"]
[Result "1-0"]
[WhiteElo "1884"]
[BlackElo "1970"]
[PlyCount "109"]
[GameId "2160767911200519"]
[EventDate "2004.01.18"]
[EventType "tourn"]
[EventRounds "9"]
[EventCountry "CAN"]

1. d4 Nf6 2. c4 c5 3. d5 b5 4. cxb5 a6 5. bxa6 g6 6. Nc3 Bg7 7. e4 d6 8. Bd3 O-O 9. Nge2 Nxa6 10. O-O Qb6 11. Rb1 Bd7 12. Bg5 Rfb8 13. Qd2 Nc7 14. Rfe1 e6 15. Bxf6 Bxf6 16. Bc4 e5 17. Qc2 Nb5 18. Nxb5 Bxb5 19. Bxb5 Qxb5 20. Nc3 Qc4 21. Qe2 Qb4 22. Qg4 Rb7 23. g3 h5 24. Qe2 Kg7 25. Kg2 Ra5 26. Rec1 Ra8 27. h4 Rbb8 28. b3 Be7 29. Na4 Qa3 30. Rc4 Rb4 31. Rxb4 Qxb4 32. Rc1 Qa3 33. Rc2 Qb4 34. Qc4 Qb7 35. Nc3 Rb8 36. Rb2 g5 37. hxg5 Bxg5 38. a4 h4 39. Nb5 Qd7 40. Qe2 Rh8 41. g4 h3+ 42. Kh1 Rh4 43. f3 Qe7 44. Qe1 Qf6 45. Qf2 h2 46. a5 Qf4 47. Rb1 Rh3 48. Rf1 Bh4 49. Qg2 Rg3 50. Qxh2 Bg5 51. Nxd6 Rxf3 52. Qxf4 Rxf4 53. Rxf4 exf4 54. a6 f3 55. a7 1-0

[Event "Toronto Closed B reserves"]
[Site "Toronto CAN"]
[Date "2004.02.16"]
[Round "5"]
[White "Henderson, Fred"]
[Black "Sviridovitch, Slava"]
[Result "1/2-1/2"]
[WhiteElo "1777"]
[BlackElo "1870"]
[PlyCount "116"]
[GameId "2160767911200520"]
[EventDate "2004.01.18"]
[EventType "tourn"]
[EventRounds "9"]
[EventCountry "CAN"]

1. Nf3 c5 2. e4 e6 3. d4 cxd4 4. Nxd4 a6 5. Bd3 Bc5 6. Nb3 Be7 7. a4 b6 8. Be3 Nc6 9. O-O d6 10. Qe2 Nf6 11. Nc3 O-O 12. f3 Qc7 13. Nd2 Re8 14. Nc4 Rb8 15. a5 bxa5 16. Na4 d5 17. Ncb6 d4 18. Nxc8 Rexc8 19. Bd2 Nb4 20. Rfc1 Nxd3 21. Qxd3 Qc4 22. Bxa5 Rb5 23. Qxc4 Rxc4 24. b3 Rc6 25. Nb2 Nd7 26. Nc4 Nc5 27. Ne5 Rc8 28. Bd2 h6 29. Nc4 Rc6 30. Ra5 Nb7 31. Rxb5 axb5 32. Ne5 Rc8 33. Nd3 Ba3 34. Ra1 Rxc2 35. Rxa3 Rxd2 36. Ra8+ Kh7 37. Rb8 Rxd3 38. Rxb7 Rxb3 39. Rxf7 Kg6 40. Rd7 Rb4 41. g3 Kf6 42. f4 g6 43. g4 e5 44. Rd6+ Kf7 45. f5 gxf5 46. gxf5 d3 47. Rxd3 Rxe4 48. Rd6 h5 49. Rb6 b4 50. Kf2 h4 51. Kf3 Rc4 52. Ke3 h3 53. Kd3 Rf4 54. Ke3 Rd4 55. Kf3 e4+ 56. Kf4 Rc4 57. Ke3 Ke7 58. Kf4 Kf7 1/2-1/2

[Event "Toronto Closed B reserves"]
[Site "Toronto CAN"]
[Date "2004.02.22"]
[Round "6"]
[White "Henderson, Fred"]
[Black "Veltmann, Martin"]
[Result "0-1"]
[WhiteElo "1777"]
[BlackElo "2020"]
[PlyCount "76"]
[GameId "2160767911200521"]
[EventDate "2004.01.18"]
[EventType "tourn"]
[EventRounds "9"]
[EventCountry "CAN"]

1. d4 Nf6 2. c4 e6 3. g3 c5 4. d5 exd5 5. cxd5 d6 6. Nc3 g6 7. Bg2 Bg7 8. Nf3 O-O 9. O-O a6 10. a4 Re8 11. Nd2 Nbd7 12. Nc4 Ne5 13. Nxe5 Rxe5 14. Qc2 Re8 15. h3 Rb8 16. a5 b5 17. axb6 Qxb6 18. e4 h6 19. Re1 g5 20. Bf1 g4 21. Kh2 Nd7 22. Na4 Qd8 23. Bf4 Ne5 24. hxg4 Nf3+ 25. Kg2 Nxe1+ 26. Rxe1 Bxg4 27. Bd3 Bc8 28. Rh1 Qf6 29. Nc3 Rb4 30. Qd2 Rd4 31. f3 c4 32. e5 dxe5 33. Ne4 Rxe4 34. Bxe4 exf4 35. d6 Rd8 36. Rd1 Qxb2 37. Qxb2 Bxb2 38. d7 Rxd7 0-1

[Event "Toronto Closed B reserves"]
[Site "Toronto CAN"]
[Date "2004.02.22"]
[Round "6"]
[White "Sviridovitch, Slava"]
[Black "Haziprodromu, Sam"]
[Result "1/2-1/2"]
[WhiteElo "1870"]
[BlackElo "1970"]
[PlyCount "128"]
[GameId "2160767911200522"]
[EventDate "2004.01.18"]
[EventType "tourn"]
[EventRounds "9"]
[EventCountry "CAN"]

1. d4 Nf6 2. Nf3 e6 3. e3 c5 4. Bd3 Nc6 5. O-O d5 6. b3 Bd6 7. Bb2 O-O 8. a3 Re8 9. Ne5 Nd7 10. Bxh7+ Kxh7 11. Nxf7 Bxh2+ 12. Kxh2 Qh4+ 13. Kg1 e5 14. g3 Qe7 15. Qh5+ Kg8 16. Nxe5 Ndxe5 17. dxe5 Nxe5 18. Qxe5 Qxe5 19. Bxe5 Rxe5 20. Nd2 Bg4 21. Kg2 Rf8 22. Rae1 Rh5 23. Rh1 Rhf5 24. f4 R5f7 25. Rh4 Bf5 26. Reh1 Re7 27. Rh8+ Kf7 28. Rxf8+ Kxf8 29. Kf2 b6 30. c3 Rd7 31. Nf3 Kg8 32. Ne5 Rd6 33. g4 Be6 34. f5 Bf7 35. Kf3 Be8 36. Rd1 Kf8 37. c4 d4 38. exd4 cxd4 39. Ke4 Rh6 40. Rxd4 Rh2 41. b4 Ke7 42. Kd5 Ra2 43. Rd3 Rg2 44. c5 bxc5 45. bxc5 Kf6 46. c6 Rc2 47. Rd4 Ke7 48. Ra4 Rd2+ 49. Ke4 Re2+ 50. Kf4 Kd6 51. Rxa7 Rxe5 52. Rxg7 Rc5 53. c7 Bd7 54. f6 Rxc7 55. g5 Rc4+ 56. Kg3 Be6 57. g6 Rc3+ 58. Kf2 Rc2+ 59. Ke3 Rc3+ 60. Kd2 Rf3 61. f7 Ke7 62. Rh7 Bxf7 63. Rxf7+ Rxf7 64. gxf7 Kxf7 1/2-1/2

[Event "Toronto Closed B reserves"]
[Site "Toronto CAN"]
[Date "2004.02.24"]
[Round "6"]
[White "Chung, Kevin"]
[Black "Lucki, Arnie"]
[Result "1-0"]
[WhiteElo "1941"]
[BlackElo "1814"]
[PlyCount "81"]
[GameId "2160767911200523"]
[EventDate "2004.01.18"]
[EventType "tourn"]
[EventRounds "9"]
[EventCountry "CAN"]

1. e4 Nf6 2. Nc3 d5 3. e5 Ne4 4. Nce2 d4 5. c3 Nc6 6. cxd4 e6 7. f4 g5 8. Qc2 Qd5 9. Nc3 Nxc3 10. dxc3 gxf4 11. Bxf4 Bd7 12. Bd3 h5 13. Nf3 Rg8 14. a3 a5 15. c4 Nxd4 16. cxd5 Nxc2+ 17. Bxc2 Rxg2 18. O-O-O exd5 19. Bg3 Ra6 20. Nh4 Re2 21. Bd3 Rc6+ 22. Kb1 Re3 23. Bb5 Rb6 24. Bxd7+ Kxd7 25. Bf2 Rxb2+ 26. Kxb2 Re2+ 27. Kb3 Rxf2 28. Rhf1 Rxh2 29. Rxf7+ Ke8 30. Nf3 Kxf7 31. Nxh2 Ke6 32. Nf3 c5 33. Rh1 b5 34. Rxh5 d4 35. Rh8 c4+ 36. Kb2 Bc5 37. Ra8 b4 38. Rxa5 bxa3+ 39. Kc1 Kd5 40. e6 Ke4 41. Rxc5 1-0

[Event "Toronto Closed B reserves"]
[Site "Toronto CAN"]
[Date "2004.03.02"]
[Round "6"]
[White "Veltmann, Martin"]
[Black "Lucki, Arnie"]
[Result "1-0"]
[WhiteElo "2020"]
[BlackElo "1814"]
[PlyCount "63"]
[GameId "2160767911200524"]
[EventDate "2004.01.18"]
[EventType "tourn"]
[EventRounds "9"]
[EventCountry "CAN"]

1. Nf3 f5 2. g3 Nf6 3. Bg2 g6 4. O-O Bg7 5. c4 O-O 6. d4 d6 7. Nc3 Qe8 8. d5 Na6 9. Nd4 Nc5 10. b3 Nfe4 11. Bb2 Nxc3 12. Bxc3 Ne4 13. Bb2 c5 14. dxc6 bxc6 15. Qc2 d5 16. cxd5 cxd5 17. Rac1 Bh6 18. e3 Ba6 19. Bxe4 fxe4 20. Ne6 Rc8 21. Qd2 Qf7 22. Nxf8 Rxf8 23. Qd4 Qf5 24. Qh8+ Kf7 25. Qxh7+ Ke8 26. Qxh6 Bxf1 27. Rxf1 e5 28. Qg7 d4 29. exd4 Qf3 30. Qxe5+ Kd7 31. Ba3 Rf5 32. Qd6+ 1-0

[Event "Toronto Closed B reserves"]
[Site "Toronto CAN"]
[Date "2004.02.29"]
[Round "7"]
[White "Cohen, David"]
[Black "Elkharadly, Omar"]
[Result "1/2-1/2"]
[WhiteElo "1884"]
[BlackElo "1775"]
[PlyCount "92"]
[GameId "2160767911200525"]
[EventDate "2004.01.18"]
[EventType "tourn"]
[EventRounds "9"]
[EventCountry "CAN"]

1. e4 c5 2. Nf3 d6 3. d4 cxd4 4. Nxd4 Nf6 5. Nc3 g6 6. Bc4 Bg7 7. f3 Nc6 8. Be3 O-O 9. Qd2 Bd7 10. O-O-O Rc8 11. Bb3 Na5 12. Bh6 Nxb3+ 13. axb3 Qa5 14. Kb1 e5 15. Bxg7 Kxg7 16. Nf5+ Bxf5 17. exf5 Rc6 18. Nd5 Qxd2 19. Rxd2 Nxd5 20. Rxd5 Rd8 21. Rhd1 f6 22. fxg6 hxg6 23. h4 Kf7 24. g4 Ke6 25. c4 g5 26. h5 b6 27. Kc2 f5 28. Kc3 fxg4 29. fxg4 Rf8 30. R1d3 Rf4 31. Rg3 a5 32. Rb5 Rf7 33. Kd3 Rf2 34. Kc3 Rf7 35. Rg2 Rf4 36. Kd2 a4 37. h6 axb3 38. h7 Rc8 39. Rxb6 Rfxc4 40. Ke3 Rc2 41. Rd2 Rxd2 42. Kxd2 Rh8 43. Rb7 Kf6 44. Rd7 Ke6 45. Rg7 Kf6 46. Rd7 Ke6 1/2-1/2

[Event "Toronto Closed B reserves"]
[Site "Toronto CAN"]
[Date "2004.02.29"]
[Round "7"]
[White "Veltmann, Martin"]
[Black "Sviridovitch, Slava"]
[Result "1/2-1/2"]
[WhiteElo "2020"]
[BlackElo "1870"]
[PlyCount "73"]
[GameId "2160767911200526"]
[EventDate "2004.01.18"]
[EventType "tourn"]
[EventRounds "9"]
[EventCountry "CAN"]

1. c4 c5 2. Nc3 e6 3. Nf3 Nf6 4. g3 b6 5. Bg2 Bb7 6. O-O Be7 7. d4 cxd4 8. Nxd4 Bxg2 9. Kxg2 a6 10. e4 Qc7 11. Be3 O-O 12. Rc1 Qb7 13. f3 d6 14. g4 Nfd7 15. g5 Nc6 16. h4 Nxd4 17. Bxd4 b5 18. b3 Rac8 19. cxb5 axb5 20. Qe2 b4 21. Na4 e5 22. Be3 d5 23. exd5 Qxd5 24. Rfd1 Qe6 25. Rxc8 Rxc8 26. Rxd7 Qxd7 27. Nb6 Qc6 28. Nxc8 Qxc8 29. Qc4 Qxc4 30. bxc4 Kf8 31. Kf2 Ke8 32. Ke2 Kd7 33. Kd3 Kc6 34. Ke4 Bc5 35. Bd2 Bf2 36. h5 Kc5 37. Kd3 1/2-1/2

[Event "Toronto Closed B reserves"]
[Site "Toronto CAN"]
[Date "2004.03.20"]
[Round "7"]
[White "Veltmann, Martin"]
[Black "Shojaie, Jamshied"]
[Result "1-0"]
[WhiteElo "2020"]
[BlackElo "1783"]
[PlyCount "100"]
[GameId "2160767911200527"]
[EventDate "2004.01.18"]
[EventType "tourn"]
[EventRounds "9"]
[EventCountry "CAN"]

1. c4 e5 2. Nc3 Nf6 3. Nf3 Nc6 4. g3 e4 5. Ng5 b6 6. Ngxe4 Nxe4 7. Nxe4 Bb7 8. Bg2 Na5 9. O-O Nxc4 10. d3 Na5 11. Bd2 Nc6 12. Rc1 Rb8 13. a3 a5 14. Nc3 Be7 15. Nd5 O-O 16. b4 axb4 17. axb4 Bd6 18. e3 Ne7 19. Qb3 Nxd5 20. Bxd5 Bxd5 21. Qxd5 b5 22. Bc3 Qe7 23. e4 c6 24. Qd4 f6 25. f4 Kh8 26. e5 fxe5 27. fxe5 Rxf1+ 28. Rxf1 Bc7 29. Qe4 Rf8 30. Rxf8+ Qxf8 31. Kg2 Qe7 32. h4 Qe6 33. Qf4 Kg8 34. Qe4 Qa2+ 35. Kh3 Qe6+ 36. g4 Qb3 37. Qd4 Qf7 38. Kg3 Qe6 39. Kf3 Qf7+ 40. Ke2 Qa2+ 41. Ke3 Qa6 42. Qxd7 Bb6+ 43. Ke4 Qa8 44. e6 c5+ 45. Qd5 Qxd5+ 46. Kxd5 cxb4 47. Bxb4 Bf2 48. h5 g6 49. Kc6 gxh5 50. gxh5 Kg7 1-0

[Event "Toronto Closed B reserves"]
[Site "Toronto CAN"]
[Date "2004.03.07"]
[Round "8"]
[White "Sviridovitch, Slava"]
[Black "Shojaie, Jamshied"]
[Result "1-0"]
[WhiteElo "1870"]
[BlackElo "1783"]
[PlyCount "55"]
[GameId "2160767911200528"]
[EventDate "2004.01.18"]
[EventType "tourn"]
[EventRounds "9"]
[EventCountry "CAN"]

1. d4 Nf6 2. Nf3 e6 3. e3 c5 4. Bd3 cxd4 5. exd4 d5 6. O-O Be7 7. b3 O-O 8. Bb2 Nc6 9. a3 Bd7 10. Nbd2 Rc8 11. Ne5 Bd6 12. f4 Qb6 13. Ndf3 g6 14. Kh1 Qd8 15. Qe1 Bxe5 16. fxe5 Ne8 17. Rd1 f6 18. exf6 Qxf6 19. Ne5 Qg7 20. Rxf8+ Kxf8 21. Nxd7+ Qxd7 22. Qh4 Qe7 23. Qh3 Nf6 24. Bxg6 hxg6 25. Qh8+ Ng8 26. Rf1+ Qf7 27. Rxf7+ Kxf7 28. Qh7+ 1-0

[Event "Toronto Closed B reserves"]
[Site "Toronto CAN"]
[Date "2004.03.08"]
[Round "8"]
[White "Henderson, Fred"]
[Black "Pimentel, Sheldon"]
[Result "1/2-1/2"]
[WhiteElo "1777"]
[BlackElo "1730"]
[PlyCount "54"]
[GameId "2160767911200529"]
[EventDate "2004.01.18"]
[EventType "tourn"]
[EventRounds "9"]
[EventCountry "CAN"]

1. Nf3 c5 2. c4 Nf6 3. Nc3 Nc6 4. g3 g6 5. d4 cxd4 6. Nxd4 Qb6 7. Nb3 Ne5 8. Nd5 Nxd5 9. cxd5 Qb4+ 10. Nd2 Bh6 11. Qc2 d6 12. Bg2 Bf5 13. Qc3 Qxc3 14. bxc3 Rc8 15. e4 Nd3+ 16. Ke2 Nxc1+ 17. Rhxc1 Bg4+ 18. Kd3 O-O 19. f4 Rc7 20. Rab1 Rfc8 21. c4 Bd7 22. Nb3 b5 23. cxb5 Bxb5+ 24. Ke3 Rxc1 25. Rxc1 Rxc1 26. Nxc1 Kf8 27. Nb3 Bc4 1/2-1/2

[Event "Toronto Closed B reserves"]
[Site "Toronto CAN"]
[Date "2004.03.14"]
[Round "8"]
[White "Chung, Kevin"]
[Black "Cohen, David"]
[Result "1-0"]
[WhiteElo "1941"]
[BlackElo "1884"]
[PlyCount "85"]
[GameId "2160767911200530"]
[EventDate "2004.01.18"]
[EventType "tourn"]
[EventRounds "9"]
[EventCountry "CAN"]

1. e4 c5 2. Nf3 d6 3. d4 cxd4 4. Nxd4 Nc6 5. Nc3 Nf6 6. Be3 Ng4 7. Qd2 Nxe3 8. Qxe3 e6 9. O-O-O a6 10. f4 Qc7 11. Kb1 Be7 12. h4 Bd7 13. g4 b5 14. f5 Qa7 15. Qd2 Nxd4 16. Qxd4 Qxd4 17. Rxd4 O-O 18. a3 Bc6 19. Bg2 Rfd8 20. fxe6 fxe6 21. g5 Rf8 22. Bh3 Bd7 23. e5 d5 24. Nxd5 Bc5 25. Ne7+ Bxe7 26. Rxd7 Bc5 27. Bxe6+ Kh8 28. Bf7 Ra7 29. Rhd1 g6 30. e6 Raa8 31. e7 Bxe7 32. Rxe7 a5 33. Rdd7 Rad8 34. Rxd8 Rxd8 35. Re8+ Rxe8 36. Bxe8 b4 37. axb4 axb4 38. c3 Kg8 39. cxb4 Kf8 40. Bc6 Ke7 41. b5 Kd6 42. b4 Kc7 43. Kc2 1-0

[Event "Toronto Closed B reserves"]
[Site "Toronto CAN"]
[Date "2004.03.28"]
[Round "9"]
[White "Cohen, David"]
[Black "Henderson, Fred"]
[Result "0-1"]
[WhiteElo "1884"]
[BlackElo "1777"]
[PlyCount "62"]
[GameId "2160767911200531"]
[EventDate "2004.01.18"]
[EventType "tourn"]
[EventRounds "9"]
[EventCountry "CAN"]

1. g4 e5 2. Bg2 d5 3. h3 Be6 4. c4 h5 5. gxh5 Qd7 6. Nc3 c6 7. cxd5 cxd5 8. e3 Nf6 9. Bf3 Nc6 10. d3 O-O-O 11. Bd2 Kb8 12. a3 d4 13. Ne4 Nxe4 14. dxe4 Bc5 15. Bg4 f5 16. exf5 Bxf5 17. Qe2 Rhf8 18. Bxf5 Qxf5 19. b4 Bb6 20. b5 dxe3 21. fxe3 Na5 22. Rd1 Nc4 23. e4 Bf2+ 24. Kf1 Qf6 25. Kg2 Nxd2 26. Rxd2 Qg5+ 27. Kf1 Bh4+ 28. Nf3 Rxd2 29. Rg1 Qxg1+ 30. Kxg1 Rxe2 31. Nxh4 Rxe4 0-1

[Event "Toronto Closed B reserves"]
[Site "Toronto CAN"]
[Date "2004.03.28"]
[Round "9"]
[White "Lucki, Arnie"]
[Black "Sviridovitch, Slava"]
[Result "0-1"]
[WhiteElo "1814"]
[BlackElo "1870"]
[PlyCount "86"]
[GameId "2160767911200532"]
[EventDate "2004.01.18"]
[EventType "tourn"]
[EventRounds "9"]
[EventCountry "CAN"]

1. d4 g6 2. e4 Bg7 3. Bc4 e6 4. Nc3 d6 5. Nf3 Nd7 6. O-O a6 7. a4 b6 8. Qe2 Bb7 9. Re1 c5 10. dxc5 Nxc5 11. Bg5 Ne7 12. Rad1 Bxc3 13. bxc3 Nxe4 14. Bh6 Nxc3 15. Qd3 Nxd1 16. Qxd1 d5 17. Qd4 Rg8 18. Qf6 Nf5 19. Rxe6+ fxe6 20. Qxe6+ Qe7 21. Qxg8+ Kd7 22. Ne5+ Qxe5 23. Qxh7+ Qe7 24. Qxg6 dxc4 25. Qxf5+ Qe6 26. Qh7+ Kc6 27. Be3 Rd8 28. h4 Rd7 29. Qh8 Qg4 30. Qf6+ Rd6 31. Qe7 Qe6 32. Qf8 Rd1+ 33. Kh2 Qd6+ 34. Qxd6+ Rxd6 35. h5 b5 36. axb5+ axb5 37. g4 Bc8 38. Kg3 b4 39. Kf4 b3 40. cxb3 cxb3 41. Bc1 Rd4+ 42. Ke5 Rxg4 43. h6 Rh4 0-1

[Event "Toronto Closed C reserves"]
[Site "Toronto CAN"]
[Date "2004.01.18"]
[Round "1"]
[White "Karpik, Steve"]
[Black "Kagramanov, Dalia"]
[Result "1-0"]
[WhiteElo "1576"]
[BlackElo "1119"]
[PlyCount "119"]
[GameId "2160767911200533"]
[EventDate "2004.01.18"]
[EventType "tourn"]
[EventRounds "9"]
[EventCountry "CAN"]

1. Nf3 d5 2. c4 e6 3. b3 Nf6 4. g3 Nc6 5. Bg2 Bc5 6. d4 Bb4+ 7. Bd2 Bxd2+ 8. Nbxd2 O-O 9. e3 Re8 10. O-O e5 11. cxd5 Nxd5 12. Nc4 e4 13. Nfe5 Nxe5 14. Nxe5 f6 15. Nc4 Bf5 16. a3 Qd7 17. Qc2 Qc6 18. Rfc1 Qe6 19. Nd2 Rad8 20. b4 Rd6 21. Nb3 Rc6 22. Nc5 Qf7 23. Qb1 b6 24. Nb3 Nc3 25. Qc2 Bg4 26. Kh1 Qh5 27. Nd2 Qf5 28. Qb3+ Kf8 29. Rxc3 Rxc3 30. Qxc3 Qxf2 31. Nf1 Bf3 32. Bxf3 exf3 33. Qd2 Qxd2 34. Nxd2 Rxe3 35. Rf1 Rxa3 36. Rxf3 Ra4 37. Rb3 Ra1+ 38. Rb1 Ra2 39. Nf3 Ke7 40. b5 Kd6 41. Nh4 c6 42. Nf5+ Kd5 43. Ne7+ Kxd4 44. Nxc6+ Kc5 45. Rb4 a6 46. Rg4 a5 47. Rxg7 a4 48. h4 a3 49. Rxh7 Rb2 50. Ra7 a2 51. Nd4 Rb1+ 52. Kh2 a1=Q 53. Rxa1 Rxa1 54. Nb3+ Kxb5 55. Nxa1 Ka4 56. h5 b5 57. h6 b4 58. h7 b3 59. Nxb3 Kxb3 60. h8=Q 1-0

[Event "Toronto Closed C reserves"]
[Site "Toronto CAN"]
[Date "2004.02.18"]
[Round "1"]
[White "Ferreira, Alex"]
[Black "Kitich, Zeljko"]
[Result "1/2-1/2"]
[WhiteElo "1657"]
[BlackElo "1574"]
[PlyCount "95"]
[GameId "2160767911200534"]
[EventDate "2004.01.18"]
[EventType "tourn"]
[EventRounds "9"]
[EventCountry "CAN"]

1. e4 e6 2. c4 d5 3. cxd5 exd5 4. Nf3 dxe4 5. Qa4+ Nc6 6. Qxe4+ Qe7 7. Qxe7+ Bxe7 8. Bb5 Bf6 9. Bxc6+ bxc6 10. O-O Ne7 11. d4 h6 12. h3 O-O 13. Nc3 Nd5 14. Ne5 Nxc3 15. bxc3 Bxe5 16. dxe5 Re8 17. f4 Rb8 18. Ba3 Be6 19. Bc5 a6 20. a4 Bb3 21. Kf2 Red8 22. Ke3 Rd5 23. Be7 Bc2 24. Rfc1 Bf5 25. Rd1 Rb3 26. Bb4 Rb2 27. g4 Be6 28. Rxd5 cxd5 29. f5 Bd7 30. Rd1 c6 31. Kd4 Rh2 32. Rd3 Re2 33. Re3 Rxe3 34. Kxe3 c5 35. Bxc5 Bxa4 36. Be7 Bb3 37. Kf4 g5+ 38. Kg3 Bc4 39. h4 gxh4+ 40. Kxh4 Kg7 41. Kh5 Be2 42. Bb4 Bb5 43. Ba3 Be8 44. Kh4 a5 45. Be7 a4 46. Kg3 Bb5 47. Kf4 Bc4 48. Bd6 1/2-1/2

[Event "Toronto Closed C reserves"]
[Site "Toronto CAN"]
[Date "2004.01.28"]
[Round "2"]
[White "Lancia, Nicholas"]
[Black "Karpik, Steve"]
[Result "0-1"]
[WhiteElo "1776"]
[BlackElo "1576"]
[PlyCount "116"]
[GameId "2160767911200535"]
[EventDate "2004.01.18"]
[EventType "tourn"]
[EventRounds "9"]
[EventCountry "CAN"]

1. e4 d6 2. d4 Nf6 3. Nc3 g6 4. Nf3 Bg7 5. Bb5+ Bd7 6. Be2 O-O 7. O-O a6 8. Bg5 Bc6 9. Bd3 b5 10. a3 Bb7 11. Re1 Nbd7 12. Qd2 c5 13. Bh6 c4 14. Bf1 e5 15. Bxg7 Kxg7 16. dxe5 dxe5 17. Qd6 Qb8 18. Rad1 Rd8 19. Qe7 Re8 20. Qd6 Qxd6 21. Rxd6 Nc5 22. Nd5 Nfxe4 23. Nc7 Nxd6 24. Rd1 Nde4 25. h3 Rad8 26. Nxe8+ Rxe8 27. Be2 f6 28. Kf1 Bc6 29. Nh4 Ne6 30. c3 Rd8 31. Rxd8 Nxd8 32. Ke1 Ne6 33. a4 N4g5 34. axb5 axb5 35. g3 Nxh3 36. Bg4 Nhg5 37. Kd2 f5 38. Bd1 Nc5 39. Ke3 Bd5 40. f4 exf4+ 41. Kd4 Be4 42. Kxc5 fxg3 43. Kxb5 g2 44. Nxg2 Bxg2 45. Kxc4 h5 46. Kd4 h4 47. Ke3 h3 48. Kf2 f4 49. c4 Kf6 50. b4 Ne4+ 51. Kg1 f3 52. Bxf3 Bxf3 53. c5 Nc3 54. Kh2 Bg2 55. Kg3 Kg5 56. c6 Nb5 57. Kf2 Kf4 58. Kg1 Kg3 0-1